La pedagogía por proyectos como estrategia para la enseñanza del lenguaje en los grados primero y segundo de primaria del Centro Educativo Distrital San Agustín Jornada Mañana.

El presente informe es el producto del trabajo investigativo realizado por un grupo de docentes en ejercicio, el cual da a conocer el proceso de transformación de los docentes de los grados primero y segundo del C.E.D. SAN AGUSTIN, institución ubicada en la localidad Rafael Uribe Uribe, zona 18, sur...

Descripció completa

Guardat en:
Dades bibliogràfiques
Autor principal: Cabra Vargas, Ana Isabel
Autor corporatiu: COLEGIO SAN AGUSTIN (IED)
Altres autors: Rodríguez, Eddy Luz, Lozano, Astrid, Arboleda, Astrid, Mejía, Rosa Matilde, Chacón, Myriam
Format: Llibre
Idioma:Spanish
Publicat: Bogotá: IDEP, 2001
Matèries:
Accés en línia:Enlace del recurso
Etiquetes: Afegir etiqueta
Sense etiquetes, Sigues el primer a etiquetar aquest registre!

MARC

LEADER 00000cam a2200000 a 4500
001 000361
003 OSt
005 20250819145445.0
007 ta
008 080205s2001 ck fr o000 | spa
999 |c 2514  |d 2514 
040 |a CNA-IDEP  |b SPA  |e RCAA 
041 0 |a spa 
084 |a INV100 
100 1 |a Cabra Vargas, Ana Isabel  |9 17889 
245 1 3 |a La pedagogía por proyectos como estrategia para la enseñanza del lenguaje en los grados primero y segundo de primaria del Centro Educativo Distrital San Agustín Jornada Mañana.   |c Por Ana Isabel Cabra Vargas & Eddy Luz Rodríguez. 
260 3 |a Bogotá:   |b IDEP,   |c 2001 
300 |a 185 páginas. 
505 2 |t Presentación.  |t Capitulo I. Resumen propuesta inicial.  |t Capitulo II. Planteamiento del problema.  |t Capitulo III. Referentes teóricos que sustentan la experiencia.  |t Capitulo IV. Metodología.  |t Capitulo V. Desarrollo de la investigación.  |t Capitulo VI. Socializaciones.  |t Capitulo VII. Cualificación de los procesos lector y escritor en los docentes y en los estudiantes.  |t Capitulo VIII. Aprendizajes construidos y conclusiones generales.  |t Bibliografía. 
520 3 |a El presente informe es el producto del trabajo investigativo realizado por un grupo de docentes en ejercicio, el cual da a conocer el proceso de transformación de los docentes de los grados primero y segundo del C.E.D. SAN AGUSTIN, institución ubicada en la localidad Rafael Uribe Uribe, zona 18, sur de Bogotá, en torno a su quehacer pedagógico y la enseñanza del Lenguaje. 
650 1 7 |a Adaptaciones curriculares  |2 BNE  |9 16793 
650 1 7 |a Español  |2 BNE  |9 17890 
650 1 7 |a Estrategias de aprendizaje  |2 BNE  |9 17891 
650 1 7 |a Método de proyectos  |2 BNE  |9 2257 
650 1 4 |a Investigaciones  |9 4956 
700 1 |a Rodríguez, Eddy Luz  |9 20330 
700 1 |a Lozano, Astrid  |9 20331 
700 1 |a Arboleda, Astrid  |9 20335 
700 1 |a Mejía, Rosa Matilde  |9 20332 
700 1 |a Chacón, Myriam  |9 20333 
710 2 |a COLEGIO SAN AGUSTIN (IED)  |9 20334 
942 |2 LOC  |c MO  |h INV100  |i Ej. 1  |6 INV_100_000000000000000_EJ__1 
856 |u https://catalogo.idep.edu.co/cgi-bin/koha/opac-detail.pl?biblionumber=2514  |z Enlace del recurso